Central Library OPAC University of Rajshahi

Electric and magnetic fields / (Record no. 37801)

MARC details
000 -LEADER
fixed length control field 00745nam a2200265 a 4500
001 - CONTROL NUMBER
control field 37801
003 - CONTROL NUMBER IDENTIFIER
rucl marc code BD-RjUL
005 - DATE AND TIME OF LATEST TRANSACTION
control field 20211209052646.0
008 - FIXED-LENGTH DATA ELEMENTS--GENERAL INFORMATION
fixed length control field 150712s1958 nyua 001 0 eng
035 ## - SYSTEM CONTROL NUMBER
System control number (BD-RjUL) 37906
040 ## - CATALOGING SOURCE
Original cataloging agency DLC
Transcribing agency DZM
Modifying agency OCL
-- BD-RjUL
Language of cataloging eng
041 ## - LANGUAGE CODE
Language code of text/sound track or separate title eng
082 ## - DEWEY DECIMAL CLASSIFICATION NUMBER
Classification number 537
Author mark and year ATE 1958
Edition number 22
100 1# - MAIN ENTRY--PERSONAL NAME
Personal name Attwood, Stephen S.
Fuller form of name (Stephen Stanley),
Dates associated with a name 1897-1965.
9 (RLIN) 117095
245 00 - TITLE STATEMENT
Title Electric and magnetic fields /
Statement of responsibility, etc. Stephen S. Attwood.
250 ## - EDITION STATEMENT
Edition statement 3d ed.
260 ## - PUBLICATION, DISTRIBUTION, ETC. (IMPRINT)
Place of publication, distribution, etc. New York :
Name of publisher, distributor, etc. J. Wiley,
Date of publication, distribution, etc. 1958.
300 ## - PHYSICAL DESCRIPTION
Pagination xi, 475 p.
Illustrations diagrs.
Size 24 cm.
500 ## - GENERAL NOTE
General note Includes index
650 #0 - SUBJECT ADDED ENTRY--TOPICAL TERM
Topical term or geographic name as entry element Electricity.
9 (RLIN) 117029
Topical term or geographic name as entry element Magnetism.
9 (RLIN) 117032
942 ## - ADDED ENTRY ELEMENTS (KOHA)
Source of classification or shelving scheme Dewey Decimal Classification
Koha item type Books
Holdings
Lost status Source of classification or shelving scheme Damaged status Not for loan Collection code Permanent Location Current Location Shelving location Date acquired Source of acquisition Cost, normal purchase price Total Checkouts Full call number Date last seen Copy number Koha item type
  Dewey Decimal Classification   Not For Loan Non-fiction Central Library, University of Rajshahi Central Library, University of Rajshahi Reading Room 22/08/1958 John Wiley and Sons 5.85   537 ATE 1958 12/07/2015 C-1 Books